00248nam a2200097Ia 4500008004000000082001500040100002400055245002500079260003800104300000800142210210b1976 xxu||||| |||| 00| 0 eng d a306.7 RUSM aRUSSELL (Bertrand). aMarriage and morals. aLondon.bUnwin Paperbacks.,c1976 a203